000 01010nam a22002537a 4500
999 _c64471
_d64471
005 20240530110733.0
008 180310s2017 ua a g b 000 0 ara d
017 _a2016/13163
_bمصر. دار الكتب
020 _a9789778120134
040 _aEG-CaGPL
_cEG-CaGPL
082 0 4 _221
_a371.334\
_bغ ك
100 0 _aغازى حسين طعان
245 1 2 _aالكتاب الالكترونى :
_bالتصميم والانتاج : مقرر الحاسب الالى كنموذج /
_cغازى حسين طعان .
250 _aط.1
260 _aالقاهرة :
_bالمكتب العربى للمعارف ،
_c2017 .
300 _a275 ص. ؛
_c24 سم.
650 0 7 _2qrmak
_aالكتب الالكترونية
650 0 7 _2qrmak
_aالمقررات الدراسية الالكترونية
650 0 7 _2qrmak
_aالتعليم الالكترونى
650 0 7 _2qrmak
_aالحاسبات الالكترونية
651 _2qrmak
942 _2ddc
_cBK